Quiz sobre Minas Gerais - Statistics

Estatísticas Gerais
  • Esse quiz foi jogado 210 vezes
  • A pontuação média é 14 de 17
Estatísticas das Respostas
Hint Resposta % Correto
Capital Belo Horizonte
100%
Nomeie um estado que faz fronteira com Minas Gerais São Paulo | Rio de Janeiro | Bahia | Mato Grosso do Sul | Goiás |Distrito Federal | Espírito Santo
99%
Região do Brasil em que se localiza Sudeste
97%
Expressão mais conhecida do estado Uai
96%
Prato típico mais conhecido do estado Pão de Queijo
95%
"Rei do Futebol" nascido em Três Corações Pelé
95%
Maior estádio do estado, com capacidade para quase 62 mil espectadores Mineirão
90%
Mártir da inconfidência mineira Tiradentes
84%
Governador atual do estado Romeu Zema
82%
Inventor e pioneiro da aviação Santos Dumont
82%
Escultor famoso por suas obras barrocas Aleijadinho
80%
Importante rio brasileiro que nasce na Serra da Canastra São Francisco
72%
Os bandeirantes fundaram esta cidade e fizeram a capital da capitania Ouro Preto
69%
Presidente responsável pela construção de Brasília em 1960 Juscelino Kubitschek
65%
Maior museu a céu aberto do mundo Inhotim
51%
Frase escrita na bandeira de Minas Gerais (em português) Liberdade ainda que tardia
51%
Quantidade de municípios 853
49%
Nenhum quiz correspondente encontrado
Distribuição das Pontuações
Porcentagem de Pessoas com Cada Pontuação
Percentil de Números Respondidos
Sua Pontuação Histórica
Você não jogou esse quiz